| 000 | 00418nam a22001571a 4500 | ||
|---|---|---|---|
| 001 | 2087 | ||
| 003 | OSt | ||
| 005 | 20260204211758.0 | ||
| 008 | 070109s199?||||dr ||||||b||||||||||spa|| | ||
| 050 | _a342.06 F963o | ||
| 245 | _aFuncionamiento y organigramas: Oficinas gubernamentales: Derecho administrativo | ||
| 264 | _aSanto Domingo: ONAP | ||
| 300 | _a495 p | ||
| 650 | _a1.Derecho AdministrativoÌ | ||
| 942 |
_2ddc _cBK |
||
| 999 |
_c2087 _d2087 |
||